| 000 -LEADER |
| fixed length control field |
00598nam a22002177a 4500 |
| 008 - FIXED-LENGTH DATA ELEMENTS--GENERAL INFORMATION |
| fixed length control field |
131112b xxu||||| |||| 00| 0 eng d |
| 020 ## - INTERNATIONAL STANDARD BOOK NUMBER |
| International Standard Book Number |
0198775385 |
| 041 0# - LANGUAGE CODE |
| Language code of text/sound track or separate title |
eng |
| 080 ## - UNIVERSAL DECIMAL CLASSIFICATION NUMBER |
| Universal Decimal Classification number |
338 |
| 100 1# - Rafti |
| Rafti |
Chrystal, K. Alec |
| 245 10 - TITLE STATEMENT |
| Title |
Economics for business and management / |
| Statement of responsibility, etc |
K. Alec Chrystal |
| 260 ## - |
| -- |
United States : |
| -- |
Oxford university press ; |
| -- |
1997. |
| 300 ## - |
| -- |
720 f. : |
| -- |
25 cm. |
| 500 ## - |
| -- |
Preface : f. [XI] - XVI |
| 505 ## - |
| -- |
Includes indexes. |
| 650 ## - |
| -- |
Biznesi |
| 650 ## - |
| -- |
Ekonomia per biznes |
| 650 ## - |
| -- |
Menaxhimi |
| 700 1# - |
| -- |
Lipsey, Richard G. |
| 942 ## - ADDED ENTRY ELEMENTS (KOHA) |
| Source of classification or shelving scheme |
|
| Item type |
Books |